[Event "IRI-ch Online"]
[Site "Chess.com INT"]
[Date "2021.03.17"]
[Round "6"]
[White "Najafiyan Pour, Mahyar"]
[Black "Alizadeh, Mohammad Mahdi"]
[Result "1-0"]
[WhiteElo "2117"]
[BlackElo "1856"]
[PlyCount "61"]
[EventDate "2021.03.15"]
[EventType "swiss (rapid)"]
[EventRounds "11"]
[EventCountry "IRI"]
[SourceTitle "CBM 201 Extra"]
[Source "ChessBase"]
[SourceDate "2021.05.31"]
[SourceVersion "1"]
[SourceVersionDate "2021.05.31"]
[SourceQuality "1"]

1. c4 Nf6 2. Nc3 e6 3. e4 d5 4. e5 d4 5. exf6 dxc3 6. bxc3 Qxf6 7. d4 e5 8. Nf3 exd4 9. Bg5 Qe6+ 10. Be2 Be7 11. Bxe7 Qxe7 12. cxd4 Qb4+ 13. Qd2 Qxd2+ 14. Kxd2 Bg4 15. Rab1 b6 16. h3 Bf5 17. Rb5 Bd7 18. Re5+ Kf8 19. Bd3 Nc6 20. Rd5 Rd8 21. Kc3 f6 22. Rh5 Kf7 23. Re1 Ne7 24. Rh4 Bc6 25. d5 Bd7 26. Rf4 g6 27. Ng5+ Kf8 28. Rxf6+ Kg7 29. Rf7+ Kh6 30. Rexe7 Kxg5 31. Rxd7 1-0

[Event "IRI-ch Online"]
[Site "Chess.com INT"]
[Date "2021.03.16"]
[Round "3"]
[White "Atakhan, Abtin"]
[Black "Najafiyan Pour, Mahyar"]
[Result "1-0"]
[WhiteElo "2294"]
[BlackElo "2117"]
[PlyCount "57"]
[EventDate "2021.03.15"]
[EventType "swiss (rapid)"]
[EventRounds "11"]
[EventCountry "IRI"]
[SourceTitle "CBM 201 Extra"]
[Source "ChessBase"]
[SourceDate "2021.05.31"]
[SourceVersion "1"]
[SourceVersionDate "2021.05.31"]
[SourceQuality "1"]

1. d4 Nf6 2. c4 e6 3. g3 d5 4. Nf3 Bb4+ 5. Bd2 Be7 6. Bg2 c6 7. Qc2 b6 8. 0-0 Ba6 9. b3 Nbd7 10. Rd1 Rc8 11. Nc3 dxc4 12. Ne5 Nxe5 13. dxe5 Nd5 14. Ne4 cxb3 15. axb3 Bxe2 16. Re1 Bh5 17. Rxa7 0-0 18. Rea1 Rc7 19. R7a6 Nb4 20. Bxb4 Bxb4 21. Rxb6 Qd4 22. Raa6 Rd8 23. h3 Qxe5 24. Rxb4 c5 25. Rc4 Bd1 26. Qd2 Rcc8 27. Rxc5 Bxb3 28. Qxd8+ Rxd8 29. Rxe5 1-0

[Event "IRI-ch Online"]
[Site "Chess.com INT"]
[Date "2021.03.16"]
[Round "4"]
[White "Najafiyan Pour, Mahyar"]
[Black "Alaghehmand, Arshia"]
[Result "0-1"]
[WhiteElo "2117"]
[BlackElo "1396"]
[PlyCount "92"]
[EventDate "2021.03.15"]
[EventType "swiss (rapid)"]
[EventRounds "11"]
[EventCountry "IRI"]
[SourceTitle "CBM 201 Extra"]
[Source "ChessBase"]
[SourceDate "2021.05.31"]
[SourceVersion "1"]
[SourceVersionDate "2021.05.31"]
[SourceQuality "1"]

1. d4 Nf6 2. c4 e6 3. Nf3 d5 4. Nc3 Be7 5. cxd5 exd5 6. Qc2 c6 7. Bf4 0-0 8. e3 Ne4 9. Nxe4 dxe4 10. Qxe4 Bb4+ 11. Kd1 Re8 12. Qc2 Bg4 13. Bd3 g6 14. Kc1 Nd7 15. Ng5 Be7 16. h4 c5 17. f3 cxd4 18. Bc7 Qc8 19. fxg4 Nc5 20. Bb5 Bxg5 21. hxg5 Qxc7 22. Bxe8 Rxe8 23. exd4 Qf4+ 24. Qd2 Nd3+ 25. Kc2 Qe4 26. Qxd3 Rc8+ 27. Kd2 Qxg2+ 28. Qe2 Rc2+ 29. Kxc2 Qxe2+ 30. Kc3 Qe3+ 31. Kc4 Qe6+ 32. Kd3 Qxg4 33. Rhg1 Qf3+ 34. Kc4 Qe2+ 35. Kc3 b5 36. b3 Qe3+ 37. Kb4 Qxd4+ 38. Kxb5 Kg7 39. Rad1 Qb6+ 40. Kc4 Qa6+ 41. Kc3 Qxa2 42. Rd2 Qa5+ 43. b4 Qe5+ 44. Kc2 Qe4+ 45. Kd1 Qb1+ 46. Ke2 Qxg1 0-1

[Event "Tehran Universities-ch"]
[Site "Tehran"]
[Date "2020.11.30"]
[Round "4"]
[White "Najafiyan Pour, Mahyar"]
[Black "Ganjali, Hossein"]
[Result "1/2-1/2"]
[WhiteElo "2030"]
[BlackElo "2128"]
[PlyCount "67"]
[EventDate "2020.11.30"]
[EventType "swiss (rapid)"]
[EventRounds "7"]
[EventCountry "IRI"]
[SourceTitle "CBM 199 Extra"]
[Source "ChessBase"]
[SourceDate "2021.01.31"]
[SourceVersion "1"]
[SourceVersionDate "2021.01.31"]
[SourceQuality "1"]

1. d4 e6 2. c4 d5 3. Nc3 Be7 4. Nf3 Nf6 5. cxd5 exd5 6. Qc2 c6 7. Bf4 g6 8. e3 Bf5 9. Bd3 Bxd3 10. Qxd3 0-0 11. 0-0 Nbd7 12. Rab1 Re8 13. b4 a6 14. h3 Bf8 15. Nd2 b5 16. e4 dxe4 17. Ndxe4 Nxe4 18. Nxe4 Nb6 19. Bg5 Be7 20. h4 f6 21. Bd2 Nd5 22. Rfe1 Qd7 23. Qf3 f5 24. Nc5 Bxc5 25. dxc5 Rxe1+ 26. Bxe1 Re8 27. Bd2 Re4 28. h5 Qe6 29. Qg3 f4 30. Qg5 Qe7 31. Qg4 Qe6 32. Qg5 Qe7 33. Qg4 Qe6 34. Qg5 1/2-1/2

[Event "Aftab Cup op 2nd"]
[Site "Khomein"]
[Date "2018.08.26"]
[Round "3"]
[White "Tsomaia, Nikoloz"]
[Black "Najafiyan Pour, Mahyar"]
[Result "0-1"]
[WhiteElo "2266"]
[BlackElo "2065"]
[PlyCount "88"]
[EventDate "2018.08.25"]
[EventType "swiss"]
[EventRounds "9"]
[EventCountry "IRI"]
[SourceTitle "CBM 186 Extra"]
[Source "ChessBase"]
[SourceDate "2018.08.24"]
[SourceVersion "1"]
[SourceVersionDate "2018.08.24"]
[SourceQuality "1"]

1. e4 e6 2. d3 d5 3. Nd2 Nf6 4. Ngf3 b5 5. g3 Bb7 6. Bg2 Be7 7. 0-0 c5 8. Re1 Nc6 9. b3 0-0 10. Bb2 Qc7 11. h4 Rfd8 12. Qe2 Nb4 13. exd5 Bxd5 14. Ne4 Ne8 15. a3 Na6 16. c4 bxc4 17. dxc4 Bb7 18. Ne5 f6 19. Nd3 Qb6 20. Nf4 Nac7 21. Bh3 e5 22. Nd3 Bxe4 23. Qxe4 Qxb3 24. Rad1 Nd6 25. Qc6 Qb6 26. Qa4 Qa6 27. Qxa6 Nxa6 28. Bc3 Kf8 29. Be6 Rab8 30. f4 e4 31. Nf2 Rb3 32. Ba5 Rdb8 33. Kg2 Rxa3 34. Ra1 Rbb3 35. Rxa3 Rxa3 36. Bd2 Nc7 37. f5 Nxe6 38. fxe6 Nxc4 39. Bf4 Bd6 40. Nxe4 Bxf4 41. gxf4 Re3 42. Kf2 Rxe1 43. Kxe1 Ke7 44. Nxc5 Kd6 0-1

[Event "Hamedan op 17th"]
[Site "Hamedan"]
[Date "2018.08.14"]
[Round "9"]
[White "Khoshkalam, Seyed Mehrab"]
[Black "Najafiyan Pour, Mahyar"]
[Result "1/2-1/2"]
[WhiteElo "2182"]
[BlackElo "2065"]
[PlyCount "68"]
[EventDate "2018.08.09"]
[EventType "swiss"]
[EventRounds "11"]
[EventCountry "IRI"]
[SourceTitle "CBM 186 Extra"]
[Source "ChessBase"]
[SourceDate "2018.08.24"]
[SourceVersion "1"]
[SourceVersionDate "2018.08.24"]
[SourceQuality "1"]

1. d4 e6 2. Nf3 Nf6 3. Bf4 b6 4. e3 Bb7 5. Nbd2 Be7 6. h3 0-0 7. Bd3 d6 8. 0-0 Nc6 9. Bh2 Nb4 10. Be2 c5 11. c3 Nc6 12. Qc2 Rc8 13. Rad1 cxd4 14. exd4 a6 15. a4 Nd5 16. Bd3 h6 17. Qb1 Qd7 18. Nc4 b5 19. axb5 axb5 20. Ne3 Na5 21. Nd2 f5 22. Rfe1 Qc6 23. Bf1 Rf6 24. Qd3 Rg6 25. Nf3 Nxe3 26. Rxe3 Nc4 27. d5 Qe8 28. Re2 Bxd5 29. Nd4 Be4 30. Rxe4 fxe4 31. Qxe4 d5 32. Qe2 Bd6 33. Bxd6 Nxd6 34. Re1 Qd7 1/2-1/2

[Event "Karaj Alborz Parsa School"]
[Site "Karaj"]
[Date "2017.10.29"]
[Round "2.2"]
[White "Kermani, Barad"]
[Black "Najafiyan Pour, Mahyar"]
[Result "0-1"]
[WhiteElo "1227"]
[BlackElo "2084"]
[PlyCount "66"]
[EventDate "2017.10.12"]
[EventType "swiss"]
[EventRounds "9"]
[EventCountry "IRI"]
[SourceTitle "EXT 2024"]
[Source "ChessBase"]
[SourceDate "2023.10.10"]
[SourceVersion "1"]
[SourceVersionDate "2023.10.10"]
[SourceQuality "1"]

1. e4 c5 2. Nf3 d6 3. Bb5+ Nd7 4. d4 cxd4 5. Qxd4 a6 6. Bxd7+ Bxd7 7. Nc3 e5 8. Qd3 h6 9. Be3 Nf6 10. 0-0-0 Rc8 11. Kb1 Be7 12. h3 b5 13. a3 Rb8 14. Na2 Be6 15. Bd2 a5 16. c3 Bb3 17. Rc1 Qc8 18. Be3 Qe6 19. c4 bxc4 20. Qd2 Bxa2+ 21. Ka1 Bb3 22. Qxa5 Nxe4 23. Qa7 0-0 24. Nd2 Nxd2 25. Bxd2 d5 26. Rhe1 Ra8 27. Qe3 Bxa3 28. bxa3 Rxa3+ 29. Kb2 Ra2+ 30. Kb1 Qf5+ 31. Qe4 dxe4 32. Re2 e3+ 33. Rc2 Qxc2# 0-1

[Event "IRI-chT 16th"]
[Site "Sari"]
[Date "2017.10.18"]
[Round "8.4"]
[White "Tabatabaei, Mohammad Amin"]
[Black "Najafiyan Pour, Mahyar"]
[Result "1-0"]
[WhiteElo "2548"]
[BlackElo "2072"]
[PlyCount "94"]
[EventDate "2017.09.13"]
[EventType "team-swiss"]
[EventRounds "11"]
[EventCountry "IRI"]
[SourceTitle "EXT 2019"]
[Source "ChessBase"]
[SourceDate "2018.10.10"]
[SourceVersion "1"]
[SourceVersionDate "2018.10.10"]
[SourceQuality "1"]
[WhiteTeam "Tehran Saipa"]
[BlackTeam "Ghods Sherkat Mohandesi"]
[WhiteTeamCountry "IRI"]
[BlackTeamCountry "IRI"]

1. c4 c5 2. Nf3 Nc6 3. Nc3 g6 4. e3 Nf6 5. d4 cxd4 6. exd4 d5 7. cxd5 Nxd5 8. Qb3 e6 9. Bb5 Bg7 10. Bg5 Qa5 11. Bd2 Qb6 12. Na4 Qc7 13. Rc1 0-0 14. Bxc6 bxc6 15. 0-0 Ba6 16. Rfe1 Nf4 17. Bxf4 Qxf4 18. Nc5 Be2 19. Nxe6 fxe6 20. Qxe6+ Qf7 21. Rxe2 Qxe6 22. Rxe6 Rfd8 23. Rc4 Rab8 24. b3 Rb6 25. Rexc6 Rxc6 26. Rxc6 Bxd4 27. Nxd4 Rxd4 28. Rc8+ Kg7 29. Rc7+ Kh6 30. g3 a5 31. Ra7 Rd5 32. h4 g5 33. hxg5+ Rxg5 34. a4 Kg6 35. Rb7 Rc5 36. Rb5 Rc3 37. Rxa5 Rxb3 38. Ra8 Kf5 39. a5 Kg6 40. a6 Kh6 41. a7 Rb7 42. f4 Kh5 43. Kf2 Re7 44. Kf3 h6 45. g4+ Kh4 46. g5 Rh7 47. g6 Rh8 1-0

[Event "Tehran Paytakht Cup 1st"]
[Site "Tehran"]
[Date "2016.10.30"]
[Round "7"]
[White "Raetsky, Alexander"]
[Black "Najafiyan Pour, Mahyar"]
[Result "1-0"]
[WhiteElo "2380"]
[BlackElo "2162"]
[PlyCount "113"]
[EventDate "2016.10.25"]
[EventType "swiss"]
[EventRounds "9"]
[EventCountry "IRI"]
[SourceTitle "EXT 2018"]
[Source "ChessBase"]
[SourceDate "2017.10.13"]
[SourceVersion "1"]
[SourceVersionDate "2017.10.13"]
[SourceQuality "1"]

1. e4 e6 2. d4 d5 3. e5 c5 4. Qg4 cxd4 5. Nf3 Nc6 6. Bd3 Qc7 7. Qg3 g6 8. 0-0 Bg7 9. Re1 Nge7 10. a3 Nf5 11. Bxf5 exf5 12. Bg5 0-0 13. Nbd2 h6 14. Bf6 Bxf6 15. exf6 Qxg3 16. hxg3 Bd7 17. Nb3 Rae8 18. Nfxd4 Nxd4 19. Nxd4 Re4 20. Red1 Rfe8 21. f3 R4e5 22. Kf2 Kh7 23. Rd3 Rc8 24. Rh1 h5 25. Rb3 Rc4 26. Re3 Rxe3 27. Kxe3 Rc8 28. Kf4 Kh6 29. Ke5 Bc6 30. f4 Re8+ 31. Kd6 Re3 32. Rd1 Rxg3 33. Re1 Rg4 34. g3 g5 35. Nxf5+ Kg6 36. Ke5 Bd7 37. Ne7+ Kh6 38. Kd6 gxf4 39. gxf4 Bc6 40. Ke5 h4 41. Rh1 Kh5 42. Nf5 d4 43. Rh2 Bd7 44. Nxd4 Rg3 45. Kd6 Bh3 46. Ke7 Kg6 47. f5+ Bxf5 48. Nxf5 Kxf5 49. Kxf7 Rf3 50. Rxh4 Kg5 51. Rb4 Rxf6+ 52. Ke7 b6 53. Rg4+ Kf5 54. Rf4+ Kxf4 55. Kxf6 Ke3 56. Ke5 Kd2 57. c4 1-0

[Event "Tehran Paytakht Cup 1st"]
[Site "Tehran"]
[Date "2016.10.28"]
[Round "5"]
[White "Fendereski, Nima"]
[Black "Najafiyan Pour, Mahyar"]
[Result "0-1"]
[WhiteElo "2303"]
[BlackElo "2162"]
[PlyCount "66"]
[EventDate "2016.10.25"]
[EventType "swiss"]
[EventRounds "9"]
[EventCountry "IRI"]
[SourceTitle "EXT 2018"]
[Source "ChessBase"]
[SourceDate "2017.10.13"]
[SourceVersion "1"]
[SourceVersionDate "2017.10.13"]
[SourceQuality "1"]

1. e4 c5 2. Nf3 d6 3. c3 Nf6 4. Be2 g6 5. 0-0 Nbd7 6. d3 c4 7. d4 Nxe4 8. Bxc4 Ndf6 9. Qb3 e6 10. Re1 a6 11. Bd3 d5 12. Ne5 Bg7 13. Qa4+ Bd7 14. Nxd7 Qxd7 15. Qc2 0-0 16. Nd2 Nxd2 17. Bxd2 Qc7 18. h3 Rac8 19. Qd1 Nd7 20. Qf3 Qc6 21. Qg3 Rfe8 22. Rad1 b5 23. h4 h5 24. Qh3 e5 25. dxe5 Nxe5 26. Bf1 Nc4 27. Rxe8+ Rxe8 28. Bc1 Ne5 29. Qg3 Ng4 30. Qf3 Re4 31. g3 Qe6 32. Bd2 Ne5 33. Qg2 Qg4 0-1

[Event "Tehran Paytakht Cup 1st"]
[Site "Tehran"]
[Date "2016.10.28"]
[Round "4"]
[White "Najafiyan Pour, Mahyar"]
[Black "Hakimifard, Ghazal"]
[Result "1/2-1/2"]
[WhiteElo "2162"]
[BlackElo "2290"]
[PlyCount "55"]
[EventDate "2016.10.25"]
[EventType "swiss"]
[EventRounds "9"]
[EventCountry "IRI"]
[SourceTitle "EXT 2018"]
[Source "ChessBase"]
[SourceDate "2017.10.13"]
[SourceVersion "1"]
[SourceVersionDate "2017.10.13"]
[SourceQuality "1"]

1. d4 Nf6 2. c4 e6 3. Nf3 b6 4. a3 Ba6 5. Qc2 Bb7 6. Nc3 d5 7. cxd5 Nxd5 8. e4 Nxc3 9. bxc3 Be7 10. Bb5+ c6 11. Bd3 0-0 12. e5 h6 13. Qe2 c5 14. Bc2 f5 15. exf6 Rxf6 16. Qd3 Bxf3 17. Qh7+ Kf7 18. gxf3 Nd7 19. Rg1 Qg8 20. Bg6+ Kf8 21. Qxg8+ Kxg8 22. Bxh6 Rd8 23. Be3 Rxf3 24. Bh5 Rff8 25. Bg4 Kf7 26. Bh5+ Kg8 27. Bg4 Kf7 28. Bh5+ 1/2-1/2

[Event "Tehran Behin Cup 2nd"]
[Site "Tehran"]
[Date "2014.11.22"]
[Round "9"]
[White "Najafiyan Pour, Mahyar"]
[Black "Al Ali, Hussein Ali Hussein"]
[Result "0-1"]
[WhiteElo "2052"]
[BlackElo "2252"]
[PlyCount "100"]
[EventDate "2014.11.15"]
[EventType "swiss"]
[EventRounds "9"]
[EventCountry "IRI"]
[SourceTitle "CBM 163 Extra"]
[Source "ChessBase"]
[SourceDate "2014.12.23"]
[SourceVersion "1"]
[SourceVersionDate "2014.12.23"]
[SourceQuality "1"]

1. Nf3 Nf6 2. c4 e6 3. Nc3 d5 4. d4 c6 5. cxd5 exd5 6. Qc2 Be7 7. Bg5 0-0 8. e3 Be6 9. Bd3 Nbd7 10. 0-0 h6 11. Bh4 Re8 12. a3 a5 13. Rab1 g5 14. Bg3 Nh5 15. e4 Nxg3 16. fxg3 dxe4 17. Nxe4 Qb6 18. Qf2 Rad8 19. Rbc1 Nf6 20. Nc5 Ng4 21. Qc2 Bxc5 22. dxc5 Qb3 23. Qxb3 Bxb3 24. Rc3 a4 25. Re1 Rxe1+ 26. Nxe1 Ne3 27. Be2 Nd1 28. Rd3 Re8 29. Rd2 Ne3 30. Nf3 Bd5 31. h3 f5 32. Kf2 Kg7 33. Nd4 Kf6 34. Bf3 Re5 35. Bxd5 Nxd5 36. Re2 Re4 37. Rxe4 fxe4 38. g4 Ne7 39. Ne2 Nd5 40. Ng3 Ke5 41. Nf5 h5 42. Nd6 hxg4 43. Nxb7 gxh3 44. gxh3 Kd4 45. Nd8 e3+ 46. Ke1 Nf4 47. Nxc6+ Kxc5 48. Nb4 Kd4 49. Nc2+ Ke4 50. Na1 Kd3 0-1